000 00995nam a22003017a 4500
001 BR8206482
003 BR-BrBNA
005 20230928091516.0
007 ta
008 230509b bl.||||| |||| 00| 0 por d
040 _aBR-BrBNA
_bpor
_cBiblioteca Nacional de Agricultura
041 _a(Por)
072 _aE10; E30; F10
_b/G514
090 _ E10 BR8206482
100 1 _aTunholi, O. de M.
110 1 _aEscola de Administracao Fazendaria, Brasilia, DF (Brasil)
_0Tese (Mestre em Economia)
_94292
245 1 _aUma analise da influencia de variaveis de politica e do clima sobre a oferta de produtos agricolas selecionados no centro-sul do Brasil
260 3 _aBrasilia, DF (Brasil):
_c1982.
300 _a124 p.
500 _a31 tables; Bibliography p. 99-105 (92 ref.); Summary (Por)
650 _aPRODUTO AGRICOLA
650 _aPOLITICA AGRICOLA
650 _aCLIMA
650 _aOFERTA
650 _aREGIAO CENTRO-SUL
909 _a202309
_bLucia
_c55
_dLucia Elande
942 _cBK
999 _c34171
_d34171